| 000 | 01082nam a2200265Ia 4500 | ||
|---|---|---|---|
| 999 |
_c6730 _d6730 |
||
| 003 | OSt | ||
| 005 | 20200626170509.0 | ||
| 008 | 191128s1977 mx ad gr 000 0 spa d | ||
| 040 |
_aCO-JMCR _cCO-JMCR |
||
| 041 | 0 | _aspa | |
| 082 | 0 | 4 |
_a330.156 / _bP922i _223 |
| 100 | 1 |
_aPrebisch, Raúl, _eautor _96255 |
|
| 245 | 1 | 0 |
_aIntroducción a Keynes / _cRaúl Prebisch |
| 250 | _aCuarta edición | ||
| 260 |
_aMéxico : _bFondo de Cultura Económica, reimpresión, _c1977. |
||
| 300 |
_a133 páginas : _bgráficos a blanco y negro ; _c20 cm. |
||
| 490 | 0 | _aSección de obras de economía | |
| 505 | 0 | _aLa propensión a consumir y la teoría del multiplicador -- La eficiencia del capital y la tasa de interés -- La conjunción del ahorro con las inversiones -- Significado teórico y proyecciones sociales del esquema keynesiano | |
| 650 | 1 | 4 |
_aPolítica monetaria _96256 |
| 650 | 2 | 4 |
_aEconomía keynesiana _94935 |
| 650 | 2 | 4 |
_aCiclos económicos _95218 |
| 650 | 2 | 4 |
_aKeynes, John Maynard, _y1883-1946 _96257 |
| 650 | 2 | 4 |
_aEconomía política _xTeorías _96258 |
| 942 |
_2ddc _cBK |
||